Statistics for U.S. National Parks A-Z

Click here to take the quiz!

General Stats

  • This quiz has been taken 21 times
  • The average score is 18 of 22

Answer Stats

LetterNational Parks% Correct
AAcadia | American Samoa | Arches
100%
BBadlands | Big Bend | Biscayne | Black Canyon of the Gunnison | Bryce Canyon
100%
CCanyonlands | Capitol Reef | Carlsbad Caverns | Channel Islands | Congaree | Crater Lake | Cuyahoga Valley
100%
DDeath Valley | Denali | Dry Tortugas
100%
GGates of the Arctic | Gateway Arch | Glacier | Glacier Bay | Grand Canyon | Grand Teton | Great Basin | Great Sand Dunes | Great Smoky Mountains | Guadalupe Mountains
100%
EEverglades
94%
YYellowstone | Yosemite
94%
ZZion
94%
HHaleakalā | Hawaiʻi Volcanoes | Hot Springs
88%
OOlympic
88%
RRedwood | Rocky Mountain
88%
SSaguaro | Sequoia | Shenandoah
88%
JJoshua Tree
82%
MMammoth Cave | Mesa Verde | Mount Rainier
82%
IIndiana Dunes | Isle Royale
76%
KKatmai | Kenai Fjords | Kings Canyon | Kobuk Valley
76%
PPetrified Forest | Pinnacles
71%
TTheodore Roosevelt
71%
WWhite Sands | Wind Cave | Wrangell-St. Elias
71%
LLake Clark | Lassen Volcanic
65%
NNew River Gorge | North Cascades
53%
VVirgin Islands | Voyageurs
53%

Score Distribution

Percentile by Number Answered

Percent of People with Each Score

Your Score History

You have not taken this quiz